| 000 | 00539 a2200205 4500 | ||
|---|---|---|---|
| 005 | 20250509105305.0 | ||
| 008 | 250507b |||||||| |||| 00| 0 eng d | ||
| 020 |
_a9788131792544 _cRs. 580.00 |
||
| 040 | _aMAIN | ||
| 082 |
_a005.73 _bS23D(2) |
||
| 100 | _aSharma, A K | ||
| 245 | _aData structures using C | ||
| 250 | _a2nd | ||
| 260 |
_bPearson India Education Services _aNoida _c2024 |
||
| 300 | _axii, 504 | ||
| 650 | _aComputer Science | ||
| 650 | _aComputer Programming Language | ||
| 650 | _aData Structures | ||
| 942 | _cBK | ||
| 999 |
_c386639 _d386639 |
||